[Event "Mercredi 2018.01.10 ABCD"]
[Site "Montreal CAN"]
[Date "2018.01.17"]
[Round "2"]
[White "Chang, Alexander RZ"]
[Black "Dumouchel, Alain"]
[Result "1-0"]
[WhiteElo "1910"]
[BlackElo "1918"]
[PlyCount "67"]
[EventDate "2018.01.10"]
[EventType "tourn"]
[EventRounds "5"]
[EventCountry "CAN"]

1. e4 e5 2. Nf3 Nc6 3. Bc4 Bc5 4. O-O Nf6 5. d3 a6 6. Be3 Bxe3 7. fxe3 b5 8.
Bb3 O-O 9. Nbd2 d5 10. exd5 Nxd5 11. Qe2 Bg4 12. Ne4 Na5 13. Bxd5 Qxd5 14. h3
Bd7 15. b4 Nb7 16. Nfd2 f5 17. c4 Qe6 18. Nc3 c5 19. a3 Bc6 20. e4 Rad8 21. Nb3
f4 22. Nd5 Bxd5 23. cxd5 Qe7 24. bxc5 Nxc5 25. Na5 Rf6 26. Nc6 Rxc6 27. dxc6
Rxd3 28. Rfd1 Rd4 29. Rxd4 exd4 30. Qa2+ Kf8 31. Qd5 Ne6 32. a4 b4 33. Rc1 a5
34. Qxa5 1-0

[Event "Mercredi 2018.01.10 ABCD"]
[Site "Montreal CAN"]
[Date "2018.01.17"]
[Round "2"]
[White "Destree, Frederic"]
[Black "Baran, Marius"]
[Result "1-0"]
[WhiteElo "1904"]
[BlackElo "1890"]
[PlyCount "65"]
[EventDate "2018.01.10"]
[EventType "tourn"]
[EventRounds "5"]
[EventCountry "CAN"]

1. Nf3 d5 2. g3 Nf6 3. Bg2 g6 4. O-O Bg7 5. d3 O-O 6. Nbd2 Nc6 7. c4 e6 8. a3
a5 9. Qc2 a4 10. Rb1 Bd7 11. b4 axb3 12. Nxb3 Qe7 13. cxd5 exd5 14. Nc5 b6 15.
Nxd7 Qxd7 16. Bb2 Ra5 17. Rfc1 Rc5 18. Qa4 Na5 19. Qh4 Rxc1+ 20. Rxc1 Ne8 21.
Bxg7 Kxg7 22. Qb4 f6 23. Nd4 Rf7 24. Kf1 Kg8 25. Nb5 c5 26. Qb2 Kg7 27. a4 Re7
28. e3 Nd6 29. Nc3 c4 30. Nxd5 Nb3 31. Qxf6+ Kh6 32. Nxe7 cxd3 33. Ng8+ 1-0

[Event "Mercredi 2018.01.10 ABCD"]
[Site "Montreal CAN"]
[Date "2018.01.17"]
[Round "2"]
[White "Jacquet, Stephane"]
[Black "Lebeau, Gilbert"]
[Result "1/2-1/2"]
[WhiteElo "1931"]
[BlackElo "1954"]
[PlyCount "129"]
[EventDate "2018.01.10"]
[EventType "tourn"]
[EventRounds "5"]
[EventCountry "CAN"]

1. d4 d5 2. c4 c6 3. Nc3 Nf6 4. Nf3 e6 5. cxd5 cxd5 6. Bg5 Nbd7 7. e3 a6 8. Bd3
Be7 9. O-O O-O 10. Ne5 Ne8 11. Bf4 Nxe5 12. Bxe5 f5 13. f4 Nf6 14. Rc1 Bd7 15.
Na4 Ng4 16. Bc7 Qe8 17. Nb6 Nxe3 18. Qb3 Nxf1 19. Nxa8 Nd2 20. Qc2 Nf3+ 21.
gxf3 Qg6+ 22. Kf2 Bh4+ 23. Ke3 Rxa8 24. Bd6 h6 25. Qe2 Rc8 26. Rxc8+ Bxc8 27.
Qf1 Bd7 28. b3 Bf6 29. a4 Qe8 30. Qc1 g5 31. fxg5 hxg5 32. Qc7 Qc8 33. Qxc8+
Bxc8 34. Be5 Kf7 35. h3 Kg6 36. f4 gxf4+ 37. Kxf4 Bg5+ 38. Kg3 Bd2 39. Be2 Bd7
40. h4 Be8 41. Bd6 Be3 42. Be5 b5 43. Bd1 bxa4 44. bxa4 a5 45. Bc2 Kh7 46. Kf3
Bd2 47. Bc7 Bh5+ 48. Kf2 Bg4 49. Bd6 Kg6 50. Bb3 Kh5 51. Be7 f4 52. Bc2 Be3+
53. Kg2 Bxd4 54. Bd8 Bc3 55. Bb3 d4 56. Bc4 f3+ 57. Kf2 Bd2 58. Kf1 Bf5 59. Kf2
Kg4 60. Bg5 Bxg5 61. hxg5 Kxg5 62. Kxf3 Bc2 63. Bxe6 Bxa4 64. Ke4 Kf6 65. Ba2
1/2-1/2

[Event "Mercredi 2018.01.10 ABCD"]
[Site "Montreal CAN"]
[Date "2018.01.17"]
[Round "2"]
[White "Langlois-Remillard, Alexis"]
[Black "Lopez Linares, Lizandro"]
[Result "0-1"]
[WhiteElo "2109"]
[BlackElo "2198"]
[PlyCount "100"]
[EventDate "2018.01.10"]
[EventType "tourn"]
[EventRounds "5"]
[EventCountry "CAN"]

1. b3 d5 2. Bb2 Bf5 3. Nf3 h6 4. e3 Nf6 5. c4 e6 6. Nc3 Nbd7 7. cxd5 exd5 8.
Be2 c6 9. O-O Bd6 10. d3 O-O 11. Rc1 Qe7 12. Qd2 Rfd8 13. Rfe1 Bb4 14. Bf1 Bg6
15. Nd4 a6 16. Nc2 Bd6 17. e4 dxe4 18. Nxe4 Nxe4 19. dxe4 Be5 20. Bxe5 Nxe5 21.
Qc3 Qf6 22. Qg3 Qg5 23. Qxg5 hxg5 24. f3 Rd2 25. Red1 Rad8 26. Ne3 Kf8 27. a4
f6 28. Rxd2 Rxd2 29. Rc2 Rd4 30. Nc4 Bf7 31. Nxe5 fxe5 32. Bc4 Be8 33. Kf2 Ke7
34. Kg3 Bd7 35. Kf2 b5 36. axb5 axb5 37. Be2 Kd6 38. Ke3 Be6 39. Rb2 Kc5 40.
Rc2+ Kb6 41. Rb2 c5 42. g3 Ka5 43. Ra2+ Kb4 44. Ra6 Bxb3 45. Rb6 Bc4 46. Bxc4
Kxc4 47. Re6 b4 48. Rxe5 b3 49. Re7 b2 50. Rb7 Rd3+ 0-1

[Event "Mercredi 2018.01.10 ABCD"]
[Site "Montreal CAN"]
[Date "2018.01.17"]
[Round "2"]
[White "Nikulich, Oleksandr"]
[Black "Have, Didier"]
[Result "1-0"]
[WhiteElo "2037"]
[BlackElo "2069"]
[PlyCount "119"]
[EventDate "2018.01.10"]
[EventType "tourn"]
[EventRounds "5"]
[EventCountry "CAN"]

1. e4 d6 2. d4 Nf6 3. Bd3 e5 4. c3 d5 5. dxe5 Nxe4 6. Bxe4 dxe4 7. Qa4+ Bd7 8.
Qxe4 Bc6 9. Qg4 h5 10. Qh3 Nd7 11. Nf3 Qe7 12. O-O O-O-O 13. Bg5 f6 14. exf6
gxf6 15. Re1 Qf7 16. Bf4 Rg8 17. Nbd2 Rg4 18. Bg3 Bh6 19. Nb3 Rdg8 20. Nbd4 f5
21. Nxc6 bxc6 22. Ne5 Nxe5 23. Rxe5 h4 24. f3 R4g5 25. Qxh4 Bf8 26. Rae1 Bd6
27. Re8+ Rxe8 28. Rxe8+ Qxe8 29. Qxg5 Bc5+ 30. Kh1 Qd7 31. Qc1 Qd3 32. Bf4 Qc4
33. a3 Qe2 34. h3 Kb7 35. b4 Bf2 36. c4 Be1 37. Qe3 Qf1+ 38. Qg1 Qe2 39. Be3 a6
40. Bc5 Bg3 41. Qc1 Be1 42. Bg1 Qe5 43. Qe3 Qa1 44. Qa7+ Kc8 45. Qxa6+ Kd7 46.
Qa7 Bc3 47. b5 cxb5 48. cxb5 Kd6 49. Qc5+ Kd7 50. Qxf5+ Ke7 51. Qc5+ Kd7 52. a4
Kc8 53. b6 Be5 54. a5 Bd6 55. Qb5 cxb6 56. Qc6+ Kb8 57. Qxd6+ Ka8 58. Qxb6 Qg7
59. Qa6+ Kb8 60. Bh2+ 1-0

[Event "Mercredi 2018.01.10 ABCD"]
[Site "Montreal CAN"]
[Date "2018.01.17"]
[Round "2"]
[White "Nunez, Omar"]
[Black "Barko, Maxim"]
[Result "1-0"]
[WhiteElo "1974"]
[BlackElo "1935"]
[PlyCount "87"]
[EventDate "2018.01.10"]
[EventType "tourn"]
[EventRounds "5"]
[EventCountry "CAN"]

1. f4 d6 2. Nf3 Bg4 3. e3 e5 4. fxe5 dxe5 5. Nc3 Bb4 6. Be2 Nc6 7. O-O Nf6 8.
d3 Qe7 9. a3 Bxc3 10. bxc3 Nd5 11. Bd2 Qc5 12. d4 exd4 13. cxd4 Qe7 14. Qc1 O-O
15. c4 Nf4 16. Bd1 Nh5 17. d5 Ne5 18. Bb4 Nxf3+ 19. Bxf3 Qg5 20. Bxg4 Qxg4 21.
Bxf8 Rxf8 22. Qd1 Qg5 23. Qf3 Nf6 24. Qf4 Qxf4 25. exf4 Ne4 26. f5 Nd2 27. Rf4
Re8 28. Rd1 Nb3 29. d6 cxd6 30. Rxd6 Nc5 31. Rfd4 Kf8 32. R6d5 b6 33. Rd8 Ke7
34. Rxe8+ Kxe8 35. g4 Ke7 36. h4 h6 37. Kg2 f6 38. Kf3 Nd7 39. Ke4 Ne5 40. Kd5
Nf3 41. Rd3 Nxh4 42. Kc6 g6 43. Rh3 Ng2 44. fxg6 1-0

[Event "Mercredi 2018.01.10 ABCD"]
[Site "Montreal CAN"]
[Date "2018.01.17"]
[Round "2"]
[White "Pomerantz, Daniel"]
[Black "Boudreau, Daniel"]
[Result "1-0"]
[WhiteElo "2051"]
[BlackElo "2092"]
[PlyCount "99"]
[EventDate "2018.01.10"]
[EventType "tourn"]
[EventRounds "5"]
[EventCountry "CAN"]

1. e4 d6 2. d4 Nf6 3. Nc3 g6 4. Nf3 Bg7 5. h3 c6 6. Be3 Qc7 7. Qd2 b5 8. Bd3
Nbd7 9. O-O O-O 10. a4 b4 11. Ne2 c5 12. Ng3 c4 13. Be2 a5 14. c3 b3 15. Rfd1
Bb7 16. d5 Rac8 17. Nd4 Ba6 18. Nxb3 Ra8 19. Nd4 Nc5 20. Qc2 Nfd7 21. Nc6 Rfe8
22. Bd4 Nb3 23. Bxg7 Nxa1 24. Qd2 Kxg7 25. Rxa1 e5 26. Qg5 Kh8 27. Bg4 f6 28.
Qh4 Kg7 29. Nxa5 Nf8 30. Nc6 Bc8 31. Bxc8 Raxc8 32. a5 Qb7 33. Nb4 Ra8 34. Qg4
Qd7 35. Qe2 Qb5 36. a6 Nd7 37. Qg4 Kf7 38. h4 Nf8 39. h5 Qd7 40. Qe2 Qb5 41.
Qg4 Re7 42. h6 Ke8 43. Qe2 Rea7 44. Nf1 Nd7 45. Ne3 Nb6 46. Qg4 Qd7 47. Qf3 Kf7
48. Ng4 f5 49. Nc6 Kg8 50. Nf6+ 1-0

[Event "Mercredi 2018.01.10 ABCD"]
[Site "Montreal CAN"]
[Date "2018.01.17"]
[Round "2"]
[White "Zheng, Richard"]
[Black "Tremblay, Alain"]
[Result "1/2-1/2"]
[WhiteElo "2094"]
[BlackElo "2092"]
[PlyCount "141"]
[EventDate "2018.01.10"]
[EventType "tourn"]
[EventRounds "5"]
[EventCountry "CAN"]

1. e4 e5 2. Nf3 Nc6 3. Bc4 Bc5 4. c3 Nf6 5. d3 d6 6. Bg5 h6 7. Bh4 Qe7 8. O-O
Bb6 9. Bb3 O-O 10. Re1 Na5 11. Bc2 c5 12. Nbd2 Be6 13. Nf1 g5 14. Bg3 Nc6 15.
Ne3 Rae8 16. Bb3 Qd7 17. Bxe6 fxe6 18. h3 Rf7 19. Nc2 Ref8 20. d4 cxd4 21. cxd4
exd4 22. Nfxd4 Nxd4 23. Nxd4 Ne8 24. Kh1 Ng7 25. f3 e5 26. Nc2 Nh5 27. Kh2 g4
28. hxg4 Nxg3 29. Kxg3 h5 30. Ne3 hxg4 31. Nf5 Rxf5 32. exf5 Qxf5 33. Qd5+ Rf7
34. Qe4 Qe6 35. Re3 Rf4 36. Qd3 Bxe3 37. Qxe3 gxf3 38. gxf3 Qg6+ 39. Kf2 Qc2+
40. Qe2 Qxe2+ 41. Kxe2 Rb4 42. b3 Rb6 43. Ke3 Kf7 44. Rd1 Ke6 45. f4 exf4+ 46.
Kxf4 Rb4+ 47. Ke3 Ke5 48. Rh1 Ke6 49. Rh7 a6 50. Rh2 Kd5 51. Rh5+ Kc6 52. Rh2
Rg4 53. Kf3 Rd4 54. Ke3 Rb4 55. Rc2+ Kd7 56. Rh2 a5 57. Rh5 a4 58. bxa4 Rxa4
59. Rb5 Ra3+ 60. Kd4 Kc6 61. Rb2 Ra4+ 62. Kd3 Ra3+ 63. Kd4 b5 64. Rc2+ Kb6 65.
Rd2 Kc6 66. Rc2+ Kd7 67. Rb2 Kc6 68. Rc2+ Kb6 69. Rd2 Rh3 70. Kd5 Rh8 71. Rc2
1/2-1/2

[Event "Mercredi 2018.01.10 ABCD"]
[Site "Montreal CAN"]
[Date "2018.01.24"]
[Round "3"]
[White "Baran, Marius"]
[Black "Beaulieu, Pierre"]
[Result "0-1"]
[WhiteElo "1890"]
[BlackElo "1820"]
[PlyCount "92"]
[EventDate "2018.01.10"]
[EventType "tourn"]
[EventRounds "5"]
[EventCountry "CAN"]

1. e4 g6 2. d4 Bg7 3. Nc3 c5 4. Nf3 cxd4 5. Nxd4 Nc6 6. Be3 d6 7. Qd2 Bd7 8.
Be2 Nf6 9. f3 a6 10. g4 h6 11. O-O-O Qa5 12. Nb3 Qc7 13. h4 Be6 14. g5 hxg5 15.
hxg5 Nh5 16. Nd5 Bxd5 17. exd5 Ne5 18. Bd4 Rg8 19. f4 Ng3 20. fxe5 dxe5 21. Bc5
Nxh1 22. d6 exd6 23. Bxd6 Qc6 24. Bc5 Ng3 25. Bf3 Qc7 26. Bd6 Qc4 27. Bxb7 Ne4
28. Bxe4 Qxe4 29. Re1 Qf5 30. Qe3 Rd8 31. Nd4 Qd7 32. Bxe5 Bxe5 33. Qxe5+ Kf8
34. c3 Qd6 35. Qe3 Kg7 36. Rh1 Rde8 37. Qf2 Rh8 38. Rxh8 Rxh8 39. Qg2 Qf4+ 40.
Kb1 Rh2 41. Qf3 Qe5 42. Qf6+ Qxf6 43. gxf6+ Kxf6 44. Nf3 Rf2 45. Nd4 g5 46. b4
g4 0-1

[Event "Mercredi 2018.01.10 ABCD"]
[Site "Montreal CAN"]
[Date "2018.01.24"]
[Round "3"]
[White "Barko, Maxim"]
[Black "Chang, Alexander RZ"]
[Result "1-0"]
[WhiteElo "1935"]
[BlackElo "1910"]
[PlyCount "70"]
[EventDate "2018.01.10"]
[EventType "tourn"]
[EventRounds "5"]
[EventCountry "CAN"]

1. d4 d5 2. c4 e6 3. Nc3 Nf6 4. cxd5 exd5 5. Bg5 c6 6. Qc2 Nbd7 7. e3 Bd6 8.
Bd3 h6 9. Bh4 O-O 10. Nge2 Qc7 11. f3 Re8 12. e4 dxe4 13. fxe4 Bb4 14. O-O c5
15. e5 Ng4 16. Bh7+ Kh8 17. Nb5 Qc6 18. Nd6 Rf8 19. Rxf7 Qxd6 20. exd6 Rxf7 21.
Qg6 Rf8 22. Be7 Ndf6 23. Nf4 Nxh7 24. Bxf8 Nxf8 25. Qf7 cxd4 26. Nh5 Ne6 27.
Qxe6 Nf6 28. Qe5 Nxh5 29. Qxh5 Be6 30. Qg6 Bd7 31. Rf1 Bc6 32. Rf7 Rg8 33. h4
Be8 34. d7 Bxf7 35. Qxf7 d3 1-0

[Event "Mercredi 2018.01.10 ABCD"]
[Site "Montreal CAN"]
[Date "2018.01.24"]
[Round "3"]
[White "Boudreau, Daniel"]
[Black "Zheng, Richard"]
[Result "1/2-1/2"]
[WhiteElo "2092"]
[BlackElo "2094"]
[PlyCount "45"]
[EventDate "2018.01.10"]
[EventType "tourn"]
[EventRounds "5"]
[EventCountry "CAN"]

1. e4 e5 2. Nc3 Nf6 3. f4 d5 4. exd5 Nxd5 5. Qh5 Nxf4 6. Qxe5+ Qe7 7. Qxe7+
Bxe7 8. d4 Ng6 9. Be3 c6 10. O-O-O Be6 11. d5 cxd5 12. Nxd5 Bd8 13. Bc5 Nd7 14.
Ba3 Bg5+ 15. Kb1 O-O-O 16. Nf3 Bxd5 17. Rxd5 Bf6 18. Bb5 Nde5 19. Bd6 Nc6 20.
Rhd1 Be7 21. Bg3 Rxd5 22. Rxd5 Rd8 23. Rxd8+ 1/2-1/2

[Event "Mercredi 2018.01.10 ABCD"]
[Site "Montreal CAN"]
[Date "2018.01.24"]
[Round "3"]
[White "Dumouchel, Alain"]
[Black "Jacquet, Stephane"]
[Result "0-1"]
[WhiteElo "1918"]
[BlackElo "1931"]
[PlyCount "132"]
[EventDate "2018.01.10"]
[EventType "tourn"]
[EventRounds "5"]
[EventCountry "CAN"]

1. e4 d6 2. d4 Nf6 3. Nc3 g6 4. Nf3 Bg7 5. Be2 O-O 6. O-O Bg4 7. Be3 Nc6 8. d5
Bxf3 9. Bxf3 Ne5 10. Be2 c6 11. f4 Ned7 12. Bf3 a6 13. a4 cxd5 14. exd5 Rc8 15.
Kh1 Qa5 16. Bd4 Rc4 17. Re1 Re8 18. Re3 Rxd4 19. Qxd4 Ng4 20. Qd2 Nxe3 21. Qxe3
Qb4 22. Nd1 e5 23. g3 Kf8 24. c3 Qc4 25. Nf2 exf4 26. Qxf4 Qxf4 27. gxf4 Bh6
28. Nh3 Nc5 29. a5 Re3 30. Kg2 Nd3 31. Ng5 Nxf4+ 32. Kf2 Rd3 33. h4 Rd2+ 34.
Ke3 Rxb2 35. Kxf4 f6 36. Re1 fxg5+ 37. hxg5 Bg7 38. c4 Rc2 39. Re4 Ra2 40. c5
dxc5 41. d6 Rd2 42. Re6 Bc3 43. Bxb7 Bxa5 44. Bxa6 Rxd6 45. Rxd6 Bc7 46. Kg4
Bxd6 47. Bc4 Be5 48. Bd3 Ke7 49. Bc4 Bb2 50. Bg8 Bc1 51. Bc4 Kf8 52. Bd3 Be3
53. Bc4 Ke8 54. Bg8 Bd4 55. Kf3 Bb2 56. Kg4 Bc1 57. Bc4 Kd7 58. Bg8 Ke7 59. Bc4
Kd6 60. Bg8 h6 61. gxh6 Bxh6 62. Bf7 g5 63. Kh5 Ke5 64. Kxh6 g4 65. Bc4 g3 66.
Bf1 c4 0-1

[Event "Mercredi 2018.01.10 ABCD"]
[Site "Montreal CAN"]
[Date "2018.01.24"]
[Round "3"]
[White "Have, Didier"]
[Black "Pomerantz, Daniel"]
[Result "1-0"]
[WhiteElo "2069"]
[BlackElo "2051"]
[PlyCount "101"]
[EventDate "2018.01.10"]
[EventType "tourn"]
[EventRounds "5"]
[EventCountry "CAN"]

1. d4 Nf6 2. Bf4 e6 3. e3 c5 4. Nf3 b6 5. c3 Bb7 6. Bd3 Be7 7. Nbd2 cxd4 8.
exd4 O-O 9. h3 d6 10. O-O Nbd7 11. Re1 Re8 12. Bh2 a6 13. Ng5 h6 14. Nge4 Nxe4
15. Nxe4 Nf6 16. f4 Nxe4 17. Bxe4 Bxe4 18. Rxe4 d5 19. Re3 b5 20. Qh5 Bf8 21.
Rae1 g6 22. Qf3 Qd7 23. Qe2 Rec8 24. h4 b4 25. h5 g5 26. fxg5 hxg5 27. h6 bxc3
28. Qh5 Kh7 29. bxc3 Rc6 30. Rf1 f5 31. Qxg5 Qf7 32. Be5 Qg6 33. Qf4 Bxh6 34.
Qh2 Rg8 35. Rg3 Qf7 36. Rh3 Rg6 37. Rf4 Rb6 38. Rf1 Rb2 39. Bf4 Qg7 40. Rg3
Rxg3 41. Bxg3 Rxa2 42. Rb1 Rc2 43. Be5 Qf7 44. Bf4 Qg7 45. Bxh6 Qxh6 46. Rb7+
Kg6 47. Qg3+ Kh5 48. Rg7 Rc1+ 49. Kh2 Rxc3 50. Qe5 Rc8 51. g4+ 1-0

[Event "Mercredi 2018.01.10 ABCD"]
[Site "Montreal CAN"]
[Date "2018.01.24"]
[Round "3"]
[White "Lebeau, Gilbert"]
[Black "Nunez, Omar"]
[Result "0-1"]
[WhiteElo "1954"]
[BlackElo "1974"]
[PlyCount "60"]
[EventDate "2018.01.10"]
[EventType "tourn"]
[EventRounds "5"]
[EventCountry "CAN"]

1. d4 d6 2. c4 f5 3. Bg5 g6 4. Nc3 Bg7 5. e4 fxe4 6. Nxe4 Nd7 7. Nf3 Ngf6 8.
Nc3 O-O 9. Be2 c6 10. O-O Qe8 11. Re1 h6 12. Bd3 hxg5 13. Qc2 e6 14. Bxg6 Qe7
15. Nxg5 Nb6 16. Qd3 Bh6 17. Nf3 Bd7 18. Ne4 Rad8 19. Neg5 Bc8 20. a4 a5 21.
Qb3 Qg7 22. Bd3 Bxg5 23. Qxb6 Nd7 24. Qxa5 Rxf3 25. Bc2 Nf8 26. Kf1 Rxf2+ 27.
Kxf2 Qxd4+ 28. Ke2 e5 29. h3 Ne6 30. Rad1 Qe3+ 0-1

[Event "Mercredi 2018.01.10 ABCD"]
[Site "Montreal CAN"]
[Date "2018.01.24"]
[Round "3"]
[White "Nesterov, Timour"]
[Black "Destree, Frederic"]
[Result "0-1"]
[WhiteElo "1884"]
[BlackElo "1904"]
[PlyCount "46"]
[EventDate "2018.01.10"]
[EventType "tourn"]
[EventRounds "5"]
[EventCountry "CAN"]

1. d4 Nf6 2. Bf4 g6 3. Nc3 Bg7 4. e4 d6 5. Qd2 Nbd7 6. Bh6 O-O 7. Bxg7 Kxg7 8.
O-O-O c6 9. e5 Nd5 10. Nxd5 cxd5 11. f4 Nb6 12. h3 Bf5 13. g4 Be4 14. Rh2 Rc8
15. Bd3 Nc4 16. Qe2 Qa5 17. Kb1 Rc6 18. Nf3 Rfc8 19. Ng5 Ra6 20. Bxc4 Rxc4 21.
Nxe4 Qxa2+ 22. Kc1 Qa1+ 23. Kd2 Rxd4+ 0-1

[Event "Mercredi 2018.01.10 ABCD"]
[Site "Montreal CAN"]
[Date "2018.01.24"]
[Round "3"]
[White "O'Connor, Michael"]
[Black "Brassard, Sylvain"]
[Result "0-1"]
[WhiteElo "1845"]
[BlackElo "1826"]
[PlyCount "94"]
[EventDate "2018.01.10"]
[EventType "tourn"]
[EventRounds "5"]
[EventCountry "CAN"]

1. e4 d5 2. exd5 Qxd5 3. d4 Nf6 4. Nc3 Qd6 5. Be2 a6 6. h3 b5 7. Nf3 Bb7 8. O-O
e6 9. Bg5 Be7 10. a3 Nbd7 11. Qd2 c5 12. dxc5 Qxd2 13. Nxd2 Nxc5 14. Bf3 Bxf3
15. Nxf3 Rc8 16. Rfe1 O-O 17. Rad1 h6 18. Bf4 Rfd8 19. Bh2 Kf8 20. Kf1 Ke8 21.
Nd4 Nb7 22. Nb3 Rxd1 23. Rxd1 Bxa3 24. bxa3 Rxc3 25. Rd2 Ne4 26. Re2 Nf6 27.
Be5 Rc4 28. f3 Ke7 29. Rd2 g6 30. Ke2 Nd5 31. Kd1 f6 32. Bg3 Ne3+ 33. Kc1 Nf1
34. Be1 Nxd2 35. Bxd2 h5 36. Bb4+ Kd7 37. Nd2 Rc6 38. Ne4 e5 39. g4 hxg4 40.
fxg4 f5 41. gxf5 gxf5 42. Ng5 Nc5 43. Nf7 Nd3+ 44. Kd2 Rf6 45. cxd3 Rxf7 46.
Bc3 Ke6 47. d4 e4 0-1

[Event "Mercredi 2018.01.10 ABCD"]
[Site "Montreal CAN"]
[Date "2018.01.24"]
[Round "3"]
[White "Soudre, Nicolas"]
[Black "Langlois-Remillard, Alexis"]
[Result "1-0"]
[WhiteElo "2253"]
[BlackElo "2109"]
[PlyCount "73"]
[EventDate "2018.01.10"]
[EventType "tourn"]
[EventRounds "5"]
[EventCountry "CAN"]

1. e4 e6 2. d4 d5 3. Nc3 Bb4 4. e5 c5 5. a3 Bxc3+ 6. bxc3 Qa5 7. Bd2 Qa4 8. Nf3
b6 9. Be3 Nd7 10. Bd3 Ba6 11. O-O Ne7 12. Qd2 Bxd3 13. cxd3 h6 14. Rfb1 Nc6 15.
dxc5 bxc5 16. d4 Nb6 17. dxc5 Nc4 18. Qe2 N6xe5 19. Nxe5 Nxe5 20. Bd4 Nc6 21.
Bxg7 Rg8 22. Bxh6 Qh4 23. Bd2 Qh3 24. g3 Rh8 25. f4 Ne7 26. Qg2 Qg4 27. c4 Rd8
28. Ba5 Rc8 29. Rb7 Rh3 30. Re1 Nc6 31. Qxd5 Rxg3+ 32. hxg3 Qxg3+ 33. Qg2 Qxg2+
34. Kxg2 Nxa5 35. Rxa7 Nxc4 36. Rh1 Nxa3 37. Rh8# 1-0

[Event "Mercredi 2018.01.10 ABCD"]
[Site "Montreal CAN"]
[Date "2018.01.24"]
[Round "3"]
[White "Tremblay, Alain"]
[Black "Nikulich, Oleksandr"]
[Result "1-0"]
[WhiteElo "2092"]
[BlackElo "2037"]
[PlyCount "71"]
[EventDate "2018.01.10"]
[EventType "tourn"]
[EventRounds "5"]
[EventCountry "CAN"]

1. d4 d5 2. c4 e6 3. Nc3 Nf6 4. Bg5 Be7 5. e3 O-O 6. cxd5 exd5 7. Bd3 c6 8. Qc2
h6 9. Bh4 Nbd7 10. Nf3 Re8 11. O-O Ne4 12. Bxe7 Qxe7 13. Bxe4 dxe4 14. Nd2 Nf6
15. a3 c5 16. dxc5 Qxc5 17. Rac1 Qe7 18. Ne2 Bg4 19. Ng3 Rad8 20. h3 Bd7 21.
Rfd1 g6 22. Qc3 Bb5 23. Qa5 a6 24. Nb3 Bd3 25. Rc7 Rd7 26. Rxd7 Qxd7 27. Nc5
Qd5 28. Qc3 Nh5 29. Ncxe4 Bxe4 30. Rxd5 Bxd5 31. Nxh5 gxh5 32. Qf6 Be4 33. Qxh6
Bg6 34. Qf4 Rc8 35. Qd6 Be4 36. Qe7 1-0

[Event "Mercredi 2018.01.10 ABCD"]
[Site "Montreal CAN"]
[Date "2018.01.31"]
[Round "4"]
[White "Baran, Marius"]
[Black "Nesterov, Timour"]
[Result "1/2-1/2"]
[WhiteElo "1890"]
[BlackElo "1884"]
[PlyCount "76"]
[EventDate "2018.01.10"]
[EventType "tourn"]
[EventRounds "5"]
[EventCountry "CAN"]

1. e4 e6 2. d4 d5 3. e5 c5 4. c3 Nc6 5. Nf3 Bd7 6. Be2 Nge7 7. O-O Nf5 8. Bd3
cxd4 9. Bxf5 exf5 10. cxd4 Be7 11. Nc3 Be6 12. Be3 O-O 13. a3 f6 14. Qd2 Na5
15. Qd1 fxe5 16. dxe5 f4 17. Nd4 Qd7 18. Bc1 Rad8 19. Kh1 Nc6 20. Nxc6 Qxc6 21.
f3 Qc7 22. Re1 Bh4 23. Re2 d4 24. Nb5 Qc5 25. Nd6 Rd7 26. Re4 Be7 27. Qxd4 Bxd6
28. exd6 Qxd6 29. Qxd6 Rxd6 30. Bxf4 Rc6 31. Rae1 Kf7 32. Be3 a6 33. Rf4+ Ke8
34. Rxf8+ Kxf8 35. Bd4 Kf7 36. Bc3 Bb3 37. h4 g6 38. Kh2 Re6 1/2-1/2

[Event "Mercredi 2018.01.10 ABCD"]
[Site "Montreal CAN"]
[Date "2018.01.31"]
[Round "4"]
[White "Barko, Maxim"]
[Black "Lebeau, Gilbert"]
[Result "1-0"]
[WhiteElo "1935"]
[BlackElo "1954"]
[PlyCount "47"]
[EventDate "2018.01.10"]
[EventType "tourn"]
[EventRounds "5"]
[EventCountry "CAN"]

1. e4 e6 2. d4 d5 3. e5 c5 4. c3 Nc6 5. Nf3 Bd7 6. Bd3 Qb6 7. O-O cxd4 8. cxd4
Nxd4 9. Nbd2 Bc5 10. Nxd4 Bxd4 11. Qh5 g6 12. Qe2 Qc7 13. Nf3 Bb6 14. Bg5 Ne7
15. Bf6 Rg8 16. Rfc1 Bc6 17. b4 a6 18. a4 Qd8 19. Ng5 Bd4 20. Ra2 Qd7 21. b5
axb5 22. axb5 Rc8 23. Rac2 h6 24. Nh7 1-0

[Event "Mercredi 2018.01.10 ABCD"]
[Site "Montreal CAN"]
[Date "2018.01.31"]
[Round "4"]
[White "Beaulieu, Pierre"]
[Black "Brassard, Sylvain"]
[Result "1/2-1/2"]
[WhiteElo "1820"]
[BlackElo "1826"]
[PlyCount "100"]
[EventDate "2018.01.10"]
[EventType "tourn"]
[EventRounds "5"]
[EventCountry "CAN"]

1. Nf3 d5 2. b3 Nf6 3. Bb2 e6 4. e3 Bd6 5. c4 O-O 6. Be2 Nbd7 7. O-O c6 8. Nc3
Re8 9. Rc1 a6 10. d3 b5 11. cxd5 cxd5 12. Rc2 Bb7 13. Qd2 Qe7 14. Rfc1 Rec8 15.
Nb1 Rxc2 16. Rxc2 Qd8 17. Qc1 Rc8 18. h3 Rxc2 19. Qxc2 Qc7 20. Qxc7 Bxc7 21.
Ne1 Ne8 22. Nc2 Bd6 23. Bc3 f6 24. Kf1 Kf7 25. Ba5 Ne5 26. f4 Nc6 27. Bb6 Bc7
28. Bc5 Bd6 29. d4 Ke7 30. Bd3 f5 31. b4 Kd7 32. a3 Be7 33. Kf2 Nd6 34. Bxd6
Bxd6 35. Nd2 Ne7 36. Nb3 Bc6 37. g4 g6 38. Kg3 Ke8 39. Kh4 Kf7 40. Na5 Bd7 41.
Nb7 Nc8 42. Na1 Be7+ 43. Kg3 Nb6 44. Nc5 Bc8 45. Nc2 Nc4 46. g5 Bd6 47. h4 Ke7
48. h5 Kf7 49. h6 Ke7 50. Kf2 Kf7 1/2-1/2

[Event "Mercredi 2018.01.10 ABCD"]
[Site "Montreal CAN"]
[Date "2018.01.31"]
[Round "4"]
[White "Chang, Alexander RZ"]
[Black "Jacquet, Stephane"]
[Result "1/2-1/2"]
[WhiteElo "1910"]
[BlackElo "1931"]
[PlyCount "62"]
[EventDate "2018.01.10"]
[EventType "tourn"]
[EventRounds "5"]
[EventCountry "CAN"]

1. e4 d6 2. d4 Nf6 3. Bd3 e5 4. dxe5 dxe5 5. Nf3 Nbd7 6. O-O Bc5 7. Nbd2 O-O 8.
Nc4 Re8 9. b3 c6 10. Bb2 Qc7 11. Qd2 a5 12. a4 h6 13. Ne3 Nf8 14. Rfe1 Ng6 15.
Bc3 Ng4 16. Nxg4 Bxg4 17. Be2 Rad8 18. Qc1 Qb6 19. Rf1 Nf4 20. Bd1 f6 21. Bd2
g5 22. Bxf4 exf4 23. Qb2 Bxf3 24. Bxf3 Bd4 25. c3 Be5 26. Rad1 Rxd1 27. Rxd1
Rd8 28. Rxd8+ Qxd8 29. Qc2 Qd6 30. Be2 Kg7 31. c4 Qd4 1/2-1/2

[Event "Mercredi 2018.01.10 ABCD"]
[Site "Montreal CAN"]
[Date "2018.01.31"]
[Round "4"]
[White "Destree, Frederic"]
[Black "O'Connor, Michael"]
[Result "1/2-1/2"]
[WhiteElo "1904"]
[BlackElo "1845"]
[PlyCount "67"]
[EventDate "2018.01.10"]
[EventType "tourn"]
[EventRounds "5"]
[EventCountry "CAN"]

1. Nf3 d5 2. g3 c5 3. Bg2 e6 4. O-O Nf6 5. d3 Be7 6. Nbd2 O-O 7. e4 Nc6 8. Re1
b5 9. e5 Nd7 10. h4 a5 11. Nf1 Ba6 12. N1h2 Re8 13. Ng5 h6 14. Ngf3 a4 15. Bf4
b4 16. Qd2 Bf8 17. Ng4 Nd4 18. c3 Nxf3+ 19. Bxf3 Rc8 20. d4 bxc3 21. bxc3 cxd4
22. cxd4 Rb8 23. Rab1 a3 24. Qc2 Bc4 25. Ne3 Nb6 26. Nxc4 Nxc4 27. Rxb8 Qxb8
28. Rb1 Qa7 29. Be3 Rb8 30. Bd1 Rxb1 31. Qxb1 Nxe3 32. fxe3 Qc7 33. Qc2 Qb8 34.
Qb3 1/2-1/2

[Event "Mercredi 2018.01.10 ABCD"]
[Site "Montreal CAN"]
[Date "2018.01.31"]
[Round "4"]
[White "Leveille, Francois"]
[Black "Lopez Linares, Lizandro"]
[Result "0-1"]
[WhiteElo "2310"]
[BlackElo "2198"]
[PlyCount "88"]
[EventDate "2018.01.10"]
[EventType "tourn"]
[EventRounds "5"]
[EventCountry "CAN"]

1. e4 d5 2. exd5 Qxd5 3. Nc3 Qa5 4. d4 c6 5. Nf3 Nf6 6. Bc4 Bf5 7. Ne5 e6 8. g4
Bg6 9. h4 Nbd7 10. Nxd7 Nxd7 11. h5 Be4 12. O-O Bd5 13. Nxd5 cxd5 14. Bd3 Bd6
15. c3 O-O 16. f4 Qb6 17. Kh1 Rae8 18. Qc2 f5 19. Rg1 Qd8 20. Qh2 fxg4 21. Rxg4
Nf6 22. Rg2 Kh8 23. Be3 Re7 24. Rag1 Ne4 25. Rg4 Ref7 26. Bxe4 dxe4 27. Qg2 Rf5
28. Qxe4 Rxh5+ 29. Kg2 Qb6 30. Bc1 Qc6 31. Qxc6 bxc6 32. Re1 Rh6 33. Re4 Rhf6
34. Rg5 h6 35. Ra5 g5 36. Rxa7 gxf4 37. Kf3 Rg6 38. Re1 Rg3+ 39. Kf2 f3 40.
Rxe6 Rg2+ 41. Kf1 f2 42. Rxh6+ Kg8 43. Rh1 Rg6 44. Rah7 Rg1+ 0-1